00577nam a2200181Ia 450000500170000000800410001708200130005824500740007126000450014530000120019065000090020265000170021170000260022870000250025494200060027995200950028599900150038020240603061500.0240331s9999 xx 000 0 und d bEIGa342 4aThe Eighteenth Amendment to the Constitution :bSubstance and Process aColombobGlobe Printing Works ( Pvt) Ltd a188 p., aLaws aHuman Rights aEdrisinha, Rohaneedt aJayakody, Arunieedt cL 001040708LaWERCLbWERCLcSSCd2024-03-31l0o 342 EIGp6645r2024-03-31w2024-03-31yL c5730d5730